| 000 | 00745cam a2200265 4500500 | ||
|---|---|---|---|
| 005 | 20260329003839.0 | ||
| 041 | _afre | ||
| 042 | _adc | ||
| 100 | 1 | 0 |
_ade Oliveira, Victorine _eauthor |
| 245 | 0 | 0 | _aLa galaxie Spinoza |
| 260 | _c2017. | ||
| 500 | _a7 | ||
| 690 | _aClément Rosset | ||
| 690 | _aDeleuze | ||
| 690 | _aDescartes | ||
| 690 | _aHobbes | ||
| 690 | _aMaïmonide | ||
| 690 | _aNietzsche | ||
| 690 | _aSénèque | ||
| 690 | _aSpinoza | ||
| 690 | _aTraité théologico-politique | ||
| 690 | _aVictorine de Oliveira | ||
| 786 | 0 | _nPhilosophie magazine | 108 | 4 | 2017-04-01 | p. 45-45 | 1951-1787 | |
| 856 | 4 | 1 | _uhttps://shs.cairn.info/magazine-philosophie-magazine-2017-4-page-45?lang=fr&redirect-ssocas=7080 |
| 999 |
_c1828342 _d1828342 |
||